| 000 | 01068nam a2200277 i 4500 | ||
|---|---|---|---|
| 003 | DO-SdBNP | ||
| 005 | 20260511145326.0 | ||
| 007 | ta | ||
| 008 | 260511b2025 dr a|||| |||| 00| 0 spa d | ||
| 020 | _a9789945189117 | ||
| 040 |
_aDO-SdBNP _bspa _cBNPHU _erda |
||
| 041 | _aspa | ||
| 082 | 4 |
_axxx _bN576h _222 |
|
| 100 | 1 |
_aNg, Leibi, _d1955- _eautor _4aut. _973820 |
|
| 245 | 1 | 0 |
_aHistoria de cíclope ratón y su amigo el bufón / _cLeibi NG ; ilustrado por Ezequiel Martínez ; diagramación, Ludwig S. Martínez ; corrección, Carmen Rosa Estrada. |
| 264 | 4 |
_aSanto Domingo, República Dominicana : _bNelson Soto Castillo, _c©2025. |
|
| 300 |
_a[30] páginas : _bilustraciones ; _c15 cm. |
||
| 336 |
_atexto _btxt _2rdacontent |
||
| 337 |
_asin mediación _bn _2rdamedia |
||
| 338 |
_avolumen _bnc _2rdacarrier |
||
| 590 | _aInventariado, 2026 / LP | ||
| 700 | 1 |
_aMartínez, Ezequiel, _eilustrador _4il. _977713 |
|
| 700 | 1 |
_aMartínez, Ludwig S., _ediagramador _4diagr. _989530 |
|
| 700 | 1 |
_aEstrada, Carmen Rosa, _ecorrector _4corr. _985074 |
|
| 942 |
_2ddc _cLBS1 |
||
| 999 |
_c60711 _d60711 |
||